Регионална библиотека "Любен Каравелов" - Русе

Българска литература (Запис номер 189542)

MARC детайли
000 -Лидер
Контролно поле с фиксирана дължина 01833nam a2200385 c 4500
003 - Код на организацията, давaща контролен номер
Контролно поле BLK
005 - Дата и час на последна редакция
Контролно поле 20250417175233.0
008 - Елементи от данни с фиксирана дължина
fixed length control field 180411b bul|||||r ||||||| ||bul||
010 ## - Наследен системен номер
LC control number KNG00198586000
020 ## - Международен стандартен номер на книга ISBN
Международен стандартен номер на книга ISBN 978-619-150-851-8
-- издат.: Колибри - на том(ч. 1)
040 ## - Източник на каталожния запис
Идентификатор на билиотеката - собственик на записа BLK
041 ## - Код за език
Код за езика на текст/звукозапис или на отделно заглавие Български
Код за езика КДБФ Български
072 #7 - Код за тематичната категория
Код организация bullib
Код за тематична категория Н82
Текст Литературознание Н
080 ## - УДК
Текстов определител УДК Българска литература
УДК код - определител по УДК 821.163.2
УДК определител (091)(075.8)
УДК - код + определител 821.163.2(091)(075.8)
100 ## - Редна дума - Автор
Автор Кирова, Милена Георгиева
R(LIN) 251220
139 ## - Редно поле
Редна дума Кирова, Милена Георгиева
Авторски знак Киро - К 59
245 10 - Сведения за заглавието
Заглавие Българска литература
Подзаглавни данни Унив. курс лекции : Ч. 1 -
Редно поле (дума) Милена Георгиева Кирова.
Том Ч. 1
Заглавие на том От Освобождението до Първата световна война
257 ## - Страна на издаване
Страна на създаване/издаване България
260 ## - Област на издателските данни
-- София
Година на издаване 2016 -
Печатница София : Инвестпрес
300 ## - Физическа характеристика
Размери/Мащаб 22 см
380 ## - Жанр
Жанр Литературознание
650 #4 - Допълнително описание по предмет – тема
Основно описание – тема или топоним Българска литература, 1878-1944 г.- история
9 (RLIN) 286835
651 #4 - Допълнително описание по предмет - топоним
Географско понятие България
9 (RLIN) 241624
653 ## - Ключова дума – ненормативна
Ключова дума българска литература
653 ## - Ключова дума – ненормативна
Ключова дума история на литературата
653 ## - Ключова дума – ненормативна
Ключова дума учебници за ВУЗ
659 ## - Тематичен бюлетин
Тематичен бюлетин Н
760 1# - Описание на основната серия
-- - на том(ч. 1)
Редна дума на основното описание Кирова, Милена Георгиева
Място на издаване, издател и година Колибри, 2016
Страници - том 405 с. : с ил.
Забележка - том Библиогр. след отд. материали.
Заглавие Ч. 1 От Освобождението до Първата световна война
852 ## - Местоположение
Форматна сигнатура Цб 283725
856 4# - Електронен адрес и достъп
Електронен формат pdf - файл
Път до файла /url/
856 4# - Електронен адрес и достъп
Електронен формат pdf - файл
Път до файла /url/
942 ## - АРТИКУЛИ
Вид на библиотечния материал Книги
Скрит в OPAC Не
Koha issues (borrowed), all copies 18
944 ## - СЪЗДАВАНЕ И РЕДАКЦИЯ на ЗАПИСА
Създаване/Редакция Създаване
Дата на регистрацията/редакция 19.12.2016
Статус, дата на статуса Цветомила Тодорова
Служител, извършил регистрацията/редакцията 30576
944 ## - СЪЗДАВАНЕ И РЕДАКЦИЯ на ЗАПИСА
Създаване/Редакция Редакция
Дата на регистрацията/редакция 13.09.2017
Статус, дата на статуса ф /
Служител, извършил регистрацията/редакцията Пенка_Димитрова
999 ## - СИСТЕМНИ КОНТРОЛНИ НОМЕРА
Koha biblionumber 189542
Koha biblioitemnumber 189542
Наличности
Код за отписване Код за изгубен артикул Източник на класификационната схема Код за повреда Коз за рестрикции Код за отдаване Артикулен № Име на библиотеката - собственик Име на библиотеката, в която се намира в момента Статус (Текущо местоположение) Дата на вписване в системата Местоположение - отдел Цена в лева Инвентарен номер Систематично азбучна сигнатура Баркод Номер на екземпляра Цена в евро Служебна бележка Служебен тип на артикула
  Не е изгубен Universal Decimal Classification Не е повреден без рестрикции заемане за дома 333525 Регионална библиотека "Любен Каравелов" Русе Регионална библиотека "Любен Каравелов" Русе Заемна - подръчен фонд 2016-12-21 Заемна - подръчен фонд 24.00 120000806980 821.163.2.09/К 59 М 120000806980 1 12.27 Дост: Pk Вид: Ф N: 475 Дата: 19.12.2016 Дата инв: 08.02.2018 Бележки инв: П2018 Книги
  Не е изгубен Universal Decimal Classification Не е повреден без рестрикции ползва се в читалня 333526 Регионална библиотека "Любен Каравелов" Русе Регионална библиотека "Любен Каравелов" Русе Читалня 2016-12-21 Читалня 24.00 120000806981 Ч 821.163.2.09/К 59 120000806981 2 12.27 Дост: Pk Вид: Ф N: 475 Дата: 19.12.2016 Дата инв: 27.03.2017 Бележки инв: Ч2017 Книги
  Не е изгубен   Не е повреден без рестрикции ползва се в читалня 333527 Регионална библиотека "Любен Каравелов" Русе Регионална библиотека "Любен Каравелов" Русе Хранилище 2017-09-13 Хранилище 24.00 120000814707 Цб 283725 120000814707 3 12.27 Дост: Dp Вид: Д N: 30 Дата: 29.06.2017 Книги
  Не е изгубен Universal Decimal Classification Не е повреден без рестрикции заемане за дома 751971 Регионална библиотека "Любен Каравелов" Русе Регионална библиотека "Любен Каравелов" Русе Заемна - подръчен фонд 2019-12-12 Заемна - подръчен фонд 16.80   821.163.2.09/К 59 М 120000840284   8.59   Книги
Vip Innovations Ltd, Rousse, Bulgaria 2025